000 00965nam a2200217 i 4500
001 153775
003 ES-MaACL
005 20250808085334.0
008 970725m18891890sp |||| | spa d
245 0 4 _aLas leyes de Indias :
_bcon las posteriores a este código vigentes hoy y un epílogo sobre las reformas legislativas ultramarinas /
_cpor Don Miguel de la Guardia.
260 _aMadrid :
_b[s.n.],
_c1889-1890 (
_fEstab. Tip. de Pedro Núñez)
300 _a13 v. ;
_c18 cm.
490 1 _aBiblioteca Judicial ;
_v60-65, 67, 70-71, 74-75, 77, 79
510 4 _aPalau,
_c109425
597 _aT. I (269 p.) -- T. X (274 p.) -- T. XI (272 p.) -- T. XII (255 p.) -- T. XIII (272 p.)
650 0 4 _aDerecho colonial-
_zAmérica española
_911671
700 1 _aGuardia, Miguel de la.
_9127588
830 1 _aBiblioteca Judicial ;
_v60-65, 67, 70-71, 74-75, 77, 79
_9181856
852 _aES-MaACL
_jB-6695-6707
_z- Enc. pasta
999 _c153775
_d153775